Does a kangaroo have a mother, too? / (Record no. 153)

MARC details
000 -LEADER
fixed length control field 01209nam a22003137a 4500
001 - CONTROL NUMBER
control field 153
003 - CONTROL NUMBER IDENTIFIER
control field FISKH
005 - DATE AND TIME OF LATEST TRANSACTION
control field 20241126095718.0
008 - FIXED-LENGTH DATA ELEMENTS--GENERAL INFORMATION
fixed length control field 230301b cb ||||| |||| 00| 0 eng d
020 ## - INTERNATIONAL STANDARD BOOK NUMBER
International Standard Book Number 9780439271493
040 ## - CATALOGING SOURCE
Original cataloging agency DLC
Transcribing agency DLC
Modifying agency DLC
-- FISKH
Language of cataloging eng
042 ## - AUTHENTICATION CODE
Authentication code pcc
-- lcac
050 00 - LIBRARY OF CONGRESS CALL NUMBER
Classification number QL763
Item number .C37 2000
082 00 - DEWEY DECIMAL CLASSIFICATION NUMBER
Classification number 591.3/9
Edition number 21
100 1# - MAIN ENTRY--PERSONAL NAME
Personal name Carle, Eric.
245 10 - TITLE STATEMENT
Title Does a kangaroo have a mother, too? /
Statement of responsibility, etc. by Eric Carle.
250 ## - EDITION STATEMENT
Edition statement 1st ed.
260 ## - PUBLICATION, DISTRIBUTION, ETC.
Place of publication, distribution, etc. New York
Name of publisher, distributor, etc. Scholastic
Date of publication, distribution, etc. 2000
300 ## - PHYSICAL DESCRIPTION
Extent 16 leaves of plates
Other physical details col. ill. ;
Dimensions 23 x 29 cm.
520 ## - SUMMARY, ETC.
Summary, etc. Presents the names of animal babies, parents, and groups, for example, a baby kangaroo is a joey, its mother is a flyer, its father is a boomer, and a group of kangaroos is a troop, mob, or herd.
521 8# - TARGET AUDIENCE NOTE
Target audience note 190
Source Lexile
521 8# - TARGET AUDIENCE NOTE
Target audience note F
Source Raz-Plus
650 #0 - SUBJECT ADDED ENTRY--TOPICAL TERM
Topical term or geographic name entry element Animals
General subdivision Infancy
Form subdivision Juvenile literature.
650 #1 - SUBJECT ADDED ENTRY--TOPICAL TERM
Topical term or geographic name entry element Animals
General subdivision Infancy.
856 42 - ELECTRONIC LOCATION AND ACCESS
Materials specified Publisher description
Uniform Resource Identifier <a href="http://www.loc.gov/catdir/description/hc043/99036147.html">http://www.loc.gov/catdir/description/hc043/99036147.html</a>
856 42 - ELECTRONIC LOCATION AND ACCESS
Materials specified Contributor biographical information
Uniform Resource Identifier <a href="http://www.loc.gov/catdir/enhancements/fy0910/99036147-b.html">http://www.loc.gov/catdir/enhancements/fy0910/99036147-b.html</a>
906 ## - LOCAL DATA ELEMENT F, LDF (RLIN)
a 7
b cbc
c orignew
d 1
e ocip
f 19
g y-gencatlg
942 ## - ADDED ENTRY ELEMENTS (KOHA)
Source of classification or shelving scheme Dewey Decimal Classification
Koha item type Books
Suppress in OPAC No
Holdings
Withdrawn status Lost status Source of classification or shelving scheme Damaged status Not for loan Collection Home library Current library Shelving location Date acquired Total Checkouts Full call number Barcode Date last seen Date last checked out Copy number Price effective from Koha item type
    Dewey Decimal Classification     Juvenile Fiction Footprints International School Library Network Toul Kork Campus Footprints International School Library Network Toul Kork Campus TK Primary Library Room(4th Floor), Bookcase 7, Shelves 57-60, Dark Green Books 03/01/2023 3 CAR 591.39 QL763.C37 FISTK02007 10/31/2024 10/31/2024 1 03/01/2023 Books
    Dewey Decimal Classification     Juvenile Fiction Footprints International School Library Network Toul Kork Campus Footprints International School Library Network Toul Kork Campus TK Primary Library Room(4th Floor), Bookcase 7, Shelves 57-60, Dark Green Books 11/26/2024   CAR 591.39 QL763.C37 2024-2379 11/26/2024   2 11/26/2024 Books
    Dewey Decimal Classification     Juvenile Fiction Footprints International School Library Network Toul Kork Campus Footprints International School Library Network Toul Kork Campus TK Primary Library Room(4th Floor), Bookcase 7, Shelves 57-60, Dark Green Books 01/27/2025 1 CAR 591.39 QL763.C37 FISTK04061 03/12/2026 01/14/2026 3 01/27/2025 Books